Normal view
MARC view
- Vittal, Vijay
Entry Personal Name
001 - CONTROL NUMBER
- control field: 115117
003 - CONTROL NUMBER IDENTIFIER
- control field: NUST
005 - DATE AND TIME OF LATEST TRANSACTION
- control field: 20230912165201.0
008 - FIXED-LENGTH DATA ELEMENTS
- fixed length control field: 230912|| aca||aabn | a|a d
040 ## - CATALOGING SOURCE
- Original cataloging agency: NUST
- Transcribing agency: NUST
100 ## - HEADING--PERSONAL NAME
- Personal name: Vittal, Vijay
670 ## - SOURCE DATA FOUND
- Source citation: Work cat.: (NUST): Vittal, Vijay., Grid integration and dynamic impact of wind energy /, 2013
